000 00647nam a2200205Ii 4500
003 JO-AjNU
008 230606s9999||||xx |||||||||||||| ||und||
020 _a978-81-203-3238-6
040 _aJO-AjNU
_beng
_erda
_cJO-AjNU
041 _aeng
050 1 4 _aHG178.3.A76 2010
100 3 _aArmendariz,Beatriz / Morduch,Jonathan,
_eauthor
_91529
245 0 4 _aThe Economics of Microfinance
264 3 1 _aNew Delhe: Prentice- Hall India,2010
300 _a346P
_b Includes Bibliography indexes(p311-346)
336 _atext
_btxt
_2rdacontent
337 _aunmediated
_bn
_2rdamedia
338 _avolume
_bnc
_2rdacarrier
650 4 _aMicrofinance
_91530
999 _aE804
_c804
_d804